000 00614nam a22002417a 4500
003 UA-OsUOA
001 31260
007 ta
008 20041208b un ||||| |||| 00| 0 ukr d
100 _aБолтянский В.Г.
090 _a514(075.8)
_bБ79
942 _cBK
040 _aUA-OsUOA
_brus
_cUA-OsUOA
_dUA-OsUOA
245 _aЭлементарная геометрия
_bКнига для учителя
300 _a320 с.
955 _a0
041 _arus
080 _a514(075.8)
260 _aМосква
_bПросвещение
_c1985
044 _aRU
650 7 _2UDC
999 _c317682
_d317682